000 00611nam a2200229Ia 4500
003 OSt
005 20220923230551.0
006 a|||||r|||| 00| 0
007 ta
008 Pun
024 _a283,305
037 _cTextual
040 _aARTS
_cARTS
_bPun
041 _2Pun
_aPun
082 _aO153,3N41x, L4
100 _aਲੁਧਿਆਣਵੀ, ਸਾਥੀ
245 0 _aਅੱਗ ਖਾਣ ਪਿਛੋ੍ਵ
260 _c1974
650 _aਪੰਜਾਬੀ ਸਾਹਿਤ
942 _hO153,3N41x, L4
_cTEXL
_2CC
999 _c385793
_d385793